Normal view
MARC view
Entry Topical Term
001 - CONTROL NUMBER
- control field: 5338
003 - CONTROL NUMBER IDENTIFIER
- control field: ARRUPE
005 - DATE AND TIME OF LATEST TRANSACTION
- control field: 20131209121122.0
008 - FIXED-LENGTH DATA ELEMENTS
- fixed length control field: 131209|| aca||aabn | a|a d
040 ## - CATALOGING SOURCE
- Original cataloging agency: ARRUPE
- Transcribing agency: ARRUPE
150 ## - HEADING--TOPICAL TERM
- Topical term or geographic name as entry element: French
- Geographic subdivision: Senegal.
670 ## - SOURCE DATA FOUND
- Source citation: Work cat.: (ARRUPE)0: Cruise O'Brien, Rita. 5337, White society in Black Africa:, 1972.